Tribhuvan University Central Library

'Rambharos kapadi' Bhramarko jivani vyaktitwa evam krititwako adhyayan (Record no. 96287)

MARC details
000 -LEADER
fixed length control field 00482nam a22001697a 4500
008 - FIXED-LENGTH DATA ELEMENTS--GENERAL INFORMATION
fixed length control field 200709b xxu||||| |||| 00| 0 eng d
041 ## - LANGUAGE CODE
Language code of text/sound track or separate title Nep.
082 ## - DEWEY DECIMAL CLASSIFICATION NUMBER
Classification number CD16576
100 ## - MAIN ENTRY--PERSONAL NAME
Personal name Shah, Ravi Kumar
245 ## - TITLE STATEMENT
Title 'Rambharos kapadi' Bhramarko jivani vyaktitwa evam krititwako adhyayan
260 ## - PUBLICATION, DISTRIBUTION, ETC. (IMPRINT)
Place of publication, distribution, etc Janakpur
Date of publication, distribution, etc 2076 BS..
502 ## - DISSERTATION NOTE
Dissertation note Dissertation
Degree type Degree in Nepali
Name of granting institution TU
Year degree granted 2076
650 ## - SUBJECT ADDED ENTRY--TOPICAL TERM
Topical term or geographic name as entry element Biography
650 ## - SUBJECT ADDED ENTRY--TOPICAL TERM
Topical term or geographic name as entry element Literary history
650 ## - SUBJECT ADDED ENTRY--TOPICAL TERM
Topical term or geographic name as entry element Literaru history
942 ## - ADDED ENTRY ELEMENTS (KOHA)
Source of classification or shelving scheme Dewey Decimal Classification
Koha item type Audio Visual Materials
Holdings
Withdrawn status Lost status Source of classification or shelving scheme Damaged status Not for loan Home library Current library Date acquired Total Checkouts Full call number Barcode Date last seen Price effective from Koha item type
    Dewey Decimal Classification     Tribhuvan University Central Library Tribhuvan University Central Library 07/09/2020   CD16576 A16527 07/09/2020 07/09/2020 Audio Visual Materials